000 01070nam a22002537a 4500
005 20170512105740.0
010 _a1617EN ENG-117571
020 _a9788185708546
_c1350.00
035 _aEN-101103
035 _aB-647531-537
035 _aB-666087
037 _adpl
_bVariety
037 _bDBAD/PUB
082 _a025.04
100 _aSudha Rani
245 _aInformation technology in library science /
_cby Sudha Rani
260 _aNew Delhi
_bSBW Pub.
_c2015
270 _a4831/24, Prahlad Gali, Ansari Road, Darya Ganj,
_bNew Delhi
_e110002
300 _aviii,336p.
_c25cm(Hb)
500 _aIncludes bibliographical references and index
942 _2ddc
_cEN
_mSUD
_h025.04
999 _c102358
_d102358